De lo antisocial a asesinos en serie Apuntes para su discusin̤ /

Bibliographic Details
Main Author: Acevedo Alemǹ, Jess︢
Format: eBook
Language:Spanish
Published: Mx̌ico D.F.: Plaza y Valdš Editores, 2011
Subjects:
Online Access:Acceso restringido

MARC

LEADER 00000nam a22000007a 4500
005 20130711170524.0
007 cr|||| ||||
008 130711s2011 mx |||||s|||| 00||0 spa d
020 |a 978-607-402-365-7 
035 |a 11414 
040 |a vLex 
090 |c 4431  |d 4431 
100 1 |a Acevedo Alemǹ, Jess︢ 
245 1 0 |a De lo antisocial a asesinos en serie  |h [Recurso electrn̤ico] :  |b Apuntes para su discusin̤ /  |c Jess︢ Acevedo Alemǹ 
256 |a Servicioe 
260 |a Mx̌ico D.F.:  |b Plaza y Valdš Editores,  |c 2011 
300 |a 1 recurso electrn̤ico 
506 1 |a Contenido solo disponible en los productos indicados  |d vLex Global  |d vLex Global (Academic Edition, excluding Law Schools)  |d vLex Global (U.S. Academic Edition, Law Schools)  |d vLex Global (U.S. Academic Edition, excluding Law Schools)  |d vLex Global (Academic Edition, Law Schools) 
650 0 4 |a Asesinos en serie  |z Mx̌ic 
740 0 |a vLex Libros (Servicio en ln̕ea) 
856 4 0 |u http://vlex.com/source/antisocial-asesinos-serie-11414  |z Acceso restringido 
942 |c BOOK 
999 0 |a Killers